000
00279nam a2200121Ia 4500
008
240624s9999 xx 000 0 und d
041
_a
eng
082
_a
332.456 SHA
100
_a
SHAH PARESH
245
_a
FOREX MANAGEMENT
260
_c
2015
_a
New Delhi
_b
Wiley
365
_c
RS
_b
33
999
_c
26465
_d
26465